Statistics for Biblical People whose names begin with S

Click here to take the quiz!

General Stats

  • This quiz has been taken 94 times
  • The average score is 9 of 15

Answer Stats

HintAnswer% Correct
Mother of IsaacSarah
98%
First King of IsraelSaul
98%
Third son of AdamSeth
89%
Author of EcclesiastesSolomon
89%
Prophet and last judge of IsraelSamuel
82%
Son of NoahShem
76%
He wanted to buy the gift of GodSimon the Magician
66%
Apostle of Jesus (not Peter)Simon the Zealot
66%
Nazirite JudgeSamson
61%
He was in the blazing furnaceShadrach
55%
One of the twelve tribesSimeon
54%
He was flogged and arrested with PaulSilas
45%
One of the women who watched the crucifixion from a distanceSalome
24%
He opposed the rebuilding of the walls of JerusalemSanballat
13%
Son of Azor, ancestor of Jesus (challenging!)Sadoc
1%

Score Distribution

Percentile by Number Answered

Percent of People with Each Score

Your Score History

You have not taken this quiz